Transformačný proces v cestovnom ruchu a jeho dopad na kultúrny rozvoj Bratislavy

Bratislava - dôležité centrum cestovného ruchu Slovenska. Historický vývoj Bratislavy. Prehľad najvýznamnejších historických pamiatok mesta. Vplyv štruktúrnych zmien v cestovnom ruchu na návštevnosť galérií a múzeí hlavného mesta. Potenciálne možnosti rozvoja cestovného ruchu v Bratislave.

Enregistré dans:
Détails bibliographiques
Auteur principal: Mišúnová, Ema
Format: Chapitre de livre
Langue:slovaque
Sujets:
Tags: Ajouter un tag
Pas de tags, Soyez le premier à ajouter un tag!

MARC

LEADER 00000naa a2200000 4500
001 r025110
005 20230809112141.5
041 0 |a slo 
044 |a SK 
245 1 0 |a Transformačný proces v cestovnom ruchu a jeho dopad na kultúrny rozvoj Bratislavy  |c Ema Mišúnová 
520 |a Bratislava - dôležité centrum cestovného ruchu Slovenska. Historický vývoj Bratislavy. Prehľad najvýznamnejších historických pamiatok mesta. Vplyv štruktúrnych zmien v cestovnom ruchu na návštevnosť galérií a múzeí hlavného mesta. Potenciálne možnosti rozvoja cestovného ruchu v Bratislave. 
610 2 0 |a ruch cestovný 
610 2 0 |a Bratislava 
610 2 0 |a Slovensko 
610 2 0 |a transformácia 
610 2 0 |a kultúra 
610 2 0 |a pamiatky 
610 2 0 |a história 
610 2 0 |a múzeá 
100 1 |a Mišúnová, Ema